Quizzes
Events
Quiz Creation
Community
Videos
Private Events
Remove Ads
Sign In
Join for FREE
Feedback
Dark Mode
Quiz Categories
Sports
Geography
Music
Movies
Television
Just For Fun
Miscellaneous
History
Literature
Language
Science
Gaming
Entertainment
Religion
Holiday
For Kids
Quiz Lab
Recent
Popular Today
Quiz Kudos Today
Editor Picks
Curator Picks
Quizzes by...
Day
Popularity
Type
Ratings
Length
Year
Community
Subscriptions
Recent Discussions
Orange Saloon
Badges
Playlists
Quests
Create
Leaderboards
Showdown
Live 5
Trivia Bingo
Activity
Puzzle Library
Sporcle Events
Private Events
Virtual Trivia
Globe League
Become a Host
Pub Owners
SporcleCon
Opinionation
Our Games
Videos
Blog
Mobile Apps
Partnerships
Remove Ads and Go Orange
Feedback
Movies
Disney
Marvel Cinematic Universe
Movie Resume
Movie Titles
Oscar
Actor
Actress
Director
Pixar
Role
Movie Quotes
Movie Characters
Box Office
Nominee
Best Picture
Star Wars
James Bond
Horror Movies
Movies
Disney
Marvel Cinematic Universe
Movie Resume
Movie Titles
Oscar
Actor
Actress
Director
Pixar
Role
Movie Quotes
Movie Characters
Box Office
Nominee
Best Picture
Star Wars
James Bond
Horror Movies
Random Quiz
Search Sporcle
×
Quiz Lab
Quiz Lab
Movies
description
Type in answers that appear in a list
Type in answers that appear in a list
Classic
Best Score? Go Orange.
From the Movie's Wedding Description Stats
Can you name the Movie From the Movie's Wedding Description?
By
alcaramanian
10m
34 Questions
97 Plays
97 Plays
97 Plays
Comments
Comments
Give Quiz Kudos
Give Quiz Kudos
-
- Ratings
hide this ad
Replay
Link that replays current quiz
Next Quiz
Link to next quiz in quiz playlist
You Got
0%
They Got
Avg Score
43%
Avg Friend Score
Upgrade to see
Score Distribution
Jump to the score distribution portion of the page
Score
0/34
Timer
10:00
0
Plays Today
Wedding Description
Movie
% Correct
Wedding planner who falls for her client.
Wedding Planner
87.6%
Two men invite themselves to wedding receptions in hopes of acquiring overnight guests until one falls in love with his guest.
Wedding Crashers
85.6%
Two best friends become rivals when they schedule their weddings on the same day.
Bride Wars
84.5%
Beautiful princess and ogre fall in love.
Shrek
77.3%
When a woman's best friend tells her he's engaged, she realizes she loves him and sets out to get him only days before the wedding.
My Best Friends' Wedding
75.3%
Always a bridesmaid never a bride.
27 Dresses
74.2%
Young girl who waits hand and foot on her step-
sisters gets invited to a ball.
Cinderella
73.2%
A woman leaves a convent to become a governess to the seven children of a widower.
Sound of Music
72.2%
Singer and waitress who are both engaged to be married, but to the wrong people.
Wedding Singer
67%
To avoid deportation, a boss blackmails her assistant into marriage.
The Proposal
61.9%
'Princess' who is being forced into a marriage, runs away with her 'one true love'.
Princess Bride
50.5%
A Southern woman runs away from the south and her husband to reinvent herself in New York City.
Sweet Home Alabama
50.5%
An ethnic woman with a unibrow falls in love with a non-
ethnic man and struggles to get her family to accept him.
My Big Fat Greek Wedding
50.5%
Woman with commitment issues falls in love with a reporter.
Runaway Bride
45.4%
A token taker saves man from the L and falls for his brother.
While You Were Sleeping
44.3%
Tennis shoes salesman's daughter and her mother plan wedding, father supplies checkbook.
Father of the Bride
40.2%
Groom's mom plots to sabotage the wedding.
Monster-in-Law
40.2%
Wedding Description
Movie
% Correct
Diabetic young woman has pink wedding. MOB and group of friends get their hair done and gossip.
Steel Magnolias
37.1%
Two spotted dogs and their masters marry.
101 Dalmations
36.1%
Oldest of four daughters marries tailor, breaking traditions.
Fiddler on the Roof
35.1%
A naval officer with 7 kids marries a widow who also has seven kids and have one together.
Yours, Mine, and Ours
35.1%
A terminally ill girl has her dream wedding just prior to her death.
A Walk to Remember
34%
Man applies to escort ad and ends up falling for his date.
The Wedding Date
34%
Two English sisters fall in love with men who can give them have happily ever afters.
Sense and Sensibility
28.9%
Girl falls through a drain hole and in love with a man.
Enchanted
27.8%
Group of NYC friends help plan wedding to Mr. Big.
Sex In The City
24.7%
Number 2 daughter marries far above her social standing.
Pride and Prejudice
22.7%
Father of seven children who becomes engaged to the wrong person. At the wedding he realizes who he loves.
Nanny McPhee
18.6%
Bridal party member who falls in love with the bride.
Maid of Honor
17.5%
Two identical girls scheme to get father and social worker to fall in love.
It Takes Two
16.5%
Her sister's wedding preparations overshadow her birthday celebrations.
Sixteen Candels
10.3%
Brothers kidnap women to marry.
7 Brides for 7 Brothers
9.3%
Two con artists plan a fake wedding and accidentally fall in love.
My Fake Fiance
4.1%
Teenager with a thirst for blood falls in love with normal high school girl.
Twilight (part 2)
3.1%
Quiz Playlist
Details
Report
Send in Message
Add To Playlist
Classic:
Type in answers that appear in a list
Last Updated: Feb 16, 2017
Quiz Scoreboard
CHALLENGE
Sign Up to Join the Scoreboard
Show All
Scores
Hide
Comments
May contain spoilers
Recently Published
9x9 Crossword: Cartoon Network
by jackfrog10
Miscellaneous
3m
College Basketball Coaching Resumes
by pancakes188
Sports
9m
Billboard Blitz: Fleetwood Mac
by CooCooCachoo
Music
15s
More to Explore
Quiz From the Vault
Featured Blog Post
Where Did the Easter Bunny Come From?
hide this ad
You Might Also Like...
Tags
description
Wedding
Today's Top Quizzes in Movies
Browse Movies
hide this ad
Today's Top Quizzes in description
Browse description
Top Contributed Quizzes in Movies
1
Pick 5 Posters: Directed by Spielberg
2
7-to-1: Pixar Characters
3
Pick 5 Posters: Lowest-Rated Spielberg
4
Sorting Actors
5
Sorting Actresses
6
Pick 5 Posters: Directed by Scorsese
7
Hidden Star Wars Character II
8
Pick 5 Posters: Star & Director
9
Hidden Star Wars Character III
10
12 Movies about Fictional 1960s Events
Explore More
Trending Topics
Marvel
Kpop
Anime
Harry Potter
Crossword
NBA
Disney
WWE
Song
Puzzle
Country
Soccer
NFL
The Office
Pokémon
hide this ad
More By:
alcaramanian
Quiz
Plays
Rating
Category
Featured
Created
From the Movie's Wedding Description
97
1.00
Movies
Dec 3, 2012
Go to Creator's Profile
Score Distribution
Quiz Creator Spotlight
alcaramanian
Follow
Send a Message
Quizzes Created
-
Created Quiz Play Count
-
More By This Creator
Popular Quizzes Today
1
Find the US States - No Outlines Minefield
2
Find the Countries of Europe - No Outlines Minefield
3
The Countries of the World
4
Find the US States
5
Risky Map Clicking: Biggest States A-Z
6
US States
7
Popular People in 1961
8
Movies - When Are They Set?
More Movies Quizzes
2012 Movie Characters by Film Blitz
Published
Trending Quizzes
Risky Map Clicking: Least Populous States A-Z
1-10 Letter G Words
1-10 Letter F Words
Risky Map Clicking: Next State Alphabetically
Adjectives in 80s TV Shows
Recently Updated
Leaping Animals
pecheneg
Reality TV Shows (A-Z)
bhenderson79
Rickey Henderson's Hall of Fame Teammates
pecheneg
Champions League XIs: Arsenal
pecheneg
Quick Pick: Celebrities in WWE's Hall of Fame
aduchscher
A-Z Keypad Blitz II
pecheneg
Multiple Oscar Actors
pecheneg
Mystery Phrase Blitz: Oscar 'Best Actors'
pecheneg
F. Scott Fitzgerald Novels
LTH
Pick 3 Villains
ddd62291
Trending Topics
NBA
Harry Potter
Marvel
Disney
Anime
Kpop
Crossword
WWE
Song
Country
Puzzle
Pokémon
The Office
NFL
Soccer
Your Account Isn't Verified!
In order to create a playlist on Sporcle, you need to verify the email address you used during registration. Go to your
Sporcle Settings
to finish the process.
Report this User
Report this user for behavior that violates our
Community Guidelines
.
Details:
Send Report
Go to the Sporcle.com Mobile Site →
Comments